| 000 | 00423cam a22001217a 4500 | ||
|---|---|---|---|
| 008 | 180718b1986 xxu||||| |||| 00| 0 eng d | ||
| 082 | _aA81x54 In2/81/9/Pt3A&B/4 | ||
| 100 | _aCensus of India 1981 | ||
| 245 | _aKarnataka: general economic tables ( tables B-21 to B-22) | ||
| 260 |
_aDelhi _bThe Controller of Publications _c1986 |
||
| 300 | _a894+p. | ||
| 440 | _aCensus of India 1981. Series-9, Karnataka. Part-III A & B (iv) | ||
| 999 |
_c482793 _d482793 |
||